LEADER 01081nam0 2200301 450 001 000019265 005 20081113104435.0 010 $a0-471-58986-1 100 $a20081113d1993----km-y0itay50------ba 101 0 $aeng 102 $aUS 105 $aa-------001yy 200 1 $aApplied and computational complex analysis$fPeter Henrici, William Rand Kenan jr 210 $aNew York$cWiley$d1993 215 $aXIII, 637 p.$cill.$d23 cm 225 2 $aWiley classics library 327 0 $av. 3.: Discrete Fourier analysis- Cauchy integrals-Construction of conformal maps-Univalent functions 410 0$aWiley classics library$02001 500 10$aApplied and computational complex analysis$932470 610 1 $aAnalisi matematica 676 $a515$v20$9Analisi matematica 700 1$aHenrici,$bPeter$f<1923- >$0632335 701 1$aKenan,$bWilliam Rand$c$0632336 801 0$aIT$bUNIPARTHENOPE$c20081030$gRICA$2UNIMARC 912 $a000019265 951 $aM 515.9/3$bM 1121$cDSA$d2008 996 $aApplied and computational complex analysis$932470 997 $aUNIPARTHENOPE LEADER 01119nam0 2200301 450 001 000024445 005 20090313170622.0 010 $a88-317-4799-1 100 $a20090313d1984----km-y0itay50------ba 101 0 $aita 102 $aIT 105 $ay-------001yy 200 1 $a<>Iofferta di lavoro in Italia$eproblemi di rilevazione, valutazione, costruzione di modelli di comportamento$fa cura di Marina Schenkel 210 $aVenezia$cMarsilio$d1984 215 $a534 p.$d22 cm 225 2 $aBiblioteca di economia e relazioni industriali 300 $aScritti in parte già pubbl. in: Economia & lavoro, 1982-1984 410 0$12001$aBiblioteca di economia e relazioni industriali 500 10$a<>offerta di lavoro in Italia$959849 610 1 $aLavoro$aDomanda e offerta$aItalia 676 $a331.12$v11$9Mercato del lavoro 676 $a331.120945$v19$9Mercato del lavoro. Italia 702 1$aSchenkel,$bMarina$4070 801 0$aIT$bUNIPARTHENOPE$c20090313$gRICA$2UNIMARC 912 $a000024445 951 $a824/74$b6325$cNAVA2 996 $aOfferta di lavoro in Italia$959849 997 $aUNIPARTHENOPE